| 000 | 01154nam a2200241 a 4500 | ||
|---|---|---|---|
| 001 | BRCA_2027 | ||
| 005 | 20190320203636.0 | ||
| 008 | 310708m20042006mx-a---###---#000-0#spa-# | ||
| 020 | _a9681210867 | ||
| 050 | 4 |
_aF1386.2 _b.G66 2004 |
|
| 100 | 1 |
_aGonzalbo Aizpuru, Pilar _96189 |
|
| 245 | 1 | 0 |
_aHistoria de la vida cotidiana en México _cdirigida por Pilar Gonzalbo Aizpuru. |
| 260 |
_aMéxico _bCOLMEX : FCE _c2004-2006 |
||
| 300 |
_a6 v. _bil. (algunas a color) _c21 cm. |
||
| 440 | 0 |
_aSección de obras de historia _96190 |
|
| 500 | _aIncluye índice analítico | ||
| 505 | 0 | _aContenido: v.1. Mesoamérica y los ámbitos indígenas de la nueva españa / Pablo Escalente Gonzalbo. -- v.2. La ciudad barroca / Antonio Rubial Garcia. -- v.3. El siglo XVIII: entre tradicion y cambio / Pilar Gonzalbo Aizpuru. -- v.4. Bienes y vivencias. El siglo XX / Anne Staples. -- v.5. pt.1 Siglo XX Campo y ciudad / Aurelio de los Reyes la imagen ¿espejo de la vida? | |
| 651 | 4 |
_aMéxico _xVida social y costumbres _9769 |
|
| 700 | 1 |
_aEscalente Gonzalbo, Pablo _96191 |
|
| 700 | 1 |
_aRubial Garcia, Antonio _9363 |
|
| 700 | 1 |
_aStaples, Anne _96192 |
|
| 942 |
_2lcc _cB |
||
| 999 |
_c1793 _d1793 |
||